MARC

LEADER 00000nam0a2200000 4500
001 53167
005 20231031044923.0
035 |a (RuTPU)RU\TPU\book\55755 
090 |a 53167 
100 |a 20030616d2002 m y0rusy50 ca 
101 0 |a rus 
102 |a RU 
105 |a a j 001zy 
200 1 |a Проектирование машиностроительного производства  |e учебное пособие  |f Э. П. Петкау, В. С. Матвеев, В. А. Журавлев  |g Томский политехнический университет 
210 |a Томск  |c Изд-во ТПУ  |d 2002 
215 |a 199 с.  |c ил. 
320 |a Библиогр.: с. 190-194 
610 1 |a машиностроение 
610 1 |a машиностроительные предприятия 
610 1 |a проектирование 
610 1 |a механосборочное производство 
610 1 |a продукция 
610 1 |a качество 
610 1 |a труд 
610 1 |a охрана 
610 1 |a безопасность 
610 1 |a управление 
610 1 |a инженерное оборудование 
610 1 |a учебные пособия 
675 |a 621.002:658.512(075.8)  |v 3 
700 1 |a Петкау  |b Э. П.  |g Эдвальд Петрович 
701 1 |a Матвеев  |b В. С.  |g Валерий Семенович 
701 1 |a Журавлев  |b В. А.  |g Василий Александрович 
712 0 2 |a Томский политехнический университет  |2 stltpush  |3 (RuTPU)RU\TPU\col\376 
801 1 |a RU  |b 63413507  |c 20030616  |g PSBO 
801 2 |a RU  |b 63413507  |c 20190329  |g PSBO 
900 |a Технология машиностроения 
900 |a Автоматизация технологических процессов и производств 
900 |a Проектирование механосборочных цехов 
942 |c BK 
951 |a 552900  |b 120100